<?xml version="1.0" encoding="UTF-8"?>
<record
    xmlns:xsi="http://www.w3.org/2001/XMLSchema-instance"
    xsi:schemaLocation="http://www.loc.gov/MARC21/slim http://www.loc.gov/standards/marcxml/schema/MARC21slim.xsd"
    xmlns="http://www.loc.gov/MARC21/slim">

  <leader>00486nam a2200145Ia 4500</leader>
  <controlfield tag="008">100204s9999    xx            000 0 und d</controlfield>
  <datafield tag="082" ind1=" " ind2=" ">
    <subfield code="b">6362</subfield>
  </datafield>
  <datafield tag="100" ind1=" " ind2=" ">
    <subfield code="a">&#x924;&#x93E;&#x92E;&#x94D;&#x939;&#x923;&#x915;&#x930;    &#x928;&#x93E;.   &#x927;&#x94B;.</subfield>
  </datafield>
  <datafield tag="245" ind1=" " ind2=" ">
    <subfield code="a">&#x916;&#x921;&#x915;&#x93E;&#x935;&#x930;&#x932;&#x93E; &#x905;&#x902;&#x915;&#x941;&#x930;</subfield>
  </datafield>
  <datafield tag="260" ind1=" " ind2=" ">
    <subfield code="b">"&#x915;&#x902;&#x902;&#x947;. &#x92D;&#x93F;. &#x922;&#x935;&#x933;&#x947;  , &#x92E;&#x941;&#x902;&#x92C;&#x908;"</subfield>
    <subfield code="c">1983  7</subfield>
  </datafield>
  <datafield tag="300" ind1=" " ind2=" ">
    <subfield code="a">140</subfield>
  </datafield>
  <datafield tag="630" ind1=" " ind2=" ">
    <subfield code="a">&#x916;&#x921;&#x915;&#x93E;&#x935;&#x930;&#x932;&#x93E; &#x905;&#x902;&#x915;&#x941;&#x930;</subfield>
  </datafield>
  <datafield tag="730" ind1=" " ind2=" ">
    <subfield code="a">&#x916;&#x921;&#x915;&#x93E;&#x935;&#x930;&#x932;&#x93E; &#x905;&#x902;&#x915;&#x941;&#x930;</subfield>
  </datafield>
  <datafield tag="942" ind1=" " ind2=" ">
    <subfield code="c">BOOK</subfield>
  </datafield>
  <datafield tag="999" ind1=" " ind2=" ">
    <subfield code="c">450824</subfield>
    <subfield code="d">450821</subfield>
  </datafield>
  <datafield tag="952" ind1=" " ind2=" ">
    <subfield code="0">0</subfield>
    <subfield code="1">1</subfield>
    <subfield code="4">0</subfield>
    <subfield code="7">0</subfield>
    <subfield code="a">NCKMULUND</subfield>
    <subfield code="b">NCKMULUND</subfield>
    <subfield code="d">2010-02-04</subfield>
    <subfield code="g">10.00</subfield>
    <subfield code="l">0</subfield>
    <subfield code="o">6362</subfield>
    <subfield code="p">NCKMULUND-6362</subfield>
    <subfield code="r">2010-02-04 00:00:00</subfield>
    <subfield code="v">10.00</subfield>
    <subfield code="w">2010-02-04</subfield>
    <subfield code="y">BOOK</subfield>
    <subfield code="z">1)&#x917;&#x939;&#x93E;&#x933;</subfield>
  </datafield>
</record>
